LEADER 02976nam a22005177a 4500
001 44383
003 BD-DhAAL
005 20251019170130.0
008 250423t2008 bg a|||| b||| 00| 0 eng d
020 |a 9843000021726 
040 |a BD-DhAAL  |c BD-DhAAL 
082 |a 362.1095492 
245 |a The state of health in Bangladesh, 2007 :  |b health workforce in Bangladesh : who constitutes the healthcare system? /  |c Bangladesh Health Watch. 
260 |a Dhaka :  |b James P. Grant School of Public Health, Centre for Health Systems Studies, BRAC University,  |c 2008. 
300 |a vii, 96 pages :  |b illustrations ;  |c 28 cm 
500 |a First published. 
504 |a Includes bibliographical references. 
541 |a Complimentary copy from Dr. Ahmed Mushtaque Raza Chowdhury (Former Vice Chairperson of BRAC)  |e 44383, 44384 
650 |a Health planning  |z Bangladesh  |v Periodicals.  |9 58147 
650 |a Medical care  |z Bangladesh  |v Periodicals.  |9 58148 
700 |a Jahan, Rounaq,  |c contributor.  |9 59674 
700 |a Akhter, Halida,  |c contributor.  |9 59675 
700 |a Anam, Mahfuz,  |c contributor.  |9 59676 
700 |a Banu, Maleka,  |c contributor.  |9 59677 
700 |a Choudhury, Jamilur R.  |q (Jamilur Reza),  |c contributor.  |9 59678 
700 |a Chowdhury, A. M. Raza,  |c contributor.  |9 59644 
700 |a Chowdhury, Zafarullah,  |c contributor.  |9 59679 
700 |a Haider, Syed Jahangir,  |c contributor.  |9 59680 
700 |a Hussain, Zakir,  |c contributor.  |9 59681 
700 |a Kabir, Khushi,  |c contributor.  |9 59682 
700 |a Kabir, M.  |q (Mahbub),  |c contributor.  |9 59683 
700 |a Khan, A. K. Azad,  |c contributor.  |9 59684 
700 |a Khan, M. R.  |q (Mohammad Rafi),  |c contributor.  |9 59685 
700 |a Mahmud, Wahiduddin,  |c contributor.  |9 59686 
700 |a Rahman, Mahmudur,  |c contributor.  |9 59687 
700 |a Rahman, Motiur,  |c contributor.  |9 59688 
700 |a Sobhan, Rehman,  |c contributor.  |9 59689 
700 |a Khanum, Sadeqa Tahera,  |c contributor.  |9 59690 
700 |a Talukder, M. Q-K.,  |c contributor.  |9 59691 
710 |a Bangladesh Health Watch.  |9 58112 
710 |a James P. Grant School of Public Health (BRAC University). 
852 |a Ayesha Abed Library  |c General Stacks 
942 |2 ddc  |c BK 
999 |c 47286  |d 47286 
952 |0 0  |1 0  |2 ddc  |4 0  |6 362_109549200000000_STA  |7 1  |9 77642  |a BRACUL  |b BRACUL  |c AMRC  |d 2025-04-23  |e Complimentary copy from Dr. Ahmed Mushtaque Raza Chowdhury (Former Vice Chairperson of BRAC)  |l 0  |o 362.1095492 STA  |p 3010044383  |r 2025-04-23  |t 1  |w 2025-04-23  |y BK  |x Complimentary copy received from Dr. Ahmed Mushtaque Raza Chowdhury (Former Vice Chairperson of BRAC) on 17 April 2025  
952 |0 0  |1 0  |2 ddc  |4 0  |6 362_109549200000000_STA  |7 1  |9 77643  |a BRACUL  |b BRACUL  |c AMRC  |d 2025-04-23  |e Complimentary copy from Dr. Ahmed Mushtaque Raza Chowdhury (Former Vice Chairperson of BRAC)  |l 0  |o 362.1095492 STA  |p 3010044384  |r 2025-04-23  |t 2  |w 2025-04-23  |y BK  |x Complimentary copy received from Dr. Ahmed Mushtaque Raza Chowdhury (Former Vice Chairperson of BRAC) on 17 April 2025